000 00291nam a22001337a 4500
008 170804b xxu||||| |||| 00| 0 eng d
020 _a9781584883609
041 _aeng
080 _22ND
_a004
100 _a33
101 _aSHK
245 _aCOMPUTER SCIENCE
_cTUCKER,A.B
942 _2udc
_cBK
999 _c22725
_d22725